000 00980nam a2200229 i 4500
001 43660
003 ES-MaACL
005 20230906160844.0
007 t|
008 030318s1968 sp ||||1| spa d
080 _a946"1936/39"(093.32)
080 _a355.49"1936/39"(093.32)
100 1 _aCervera Valderrama, Juan.
_937652
245 1 0 _aMemorias de guerra
_b: mi labor en el Estado Mayor de la Armada afecto al Cuartel General del Generalísimo durante la guerra de liberación nacional: (1936-1939) /
_cAlmirante Juan Cervera Valderrama , I Marqués de Casa-Cervera.
260 _aMadrid :
_bEditora Nacional,
_c1968.
300 _aXXXVI, 466 p., 17 lám. :
_b1 retr. aut., 1 map. ;
_c25 cm.
490 1 _aColección "Tierra. Historia. Política"
651 4 _aEspaña-
_xHistoria-
_y1936-1939, Guerra civil-
_vRelatos personales.
_98326
830 0 _aColección "Tierra. Historia. Política"
_9229878
852 _aES-MaACL
_jC-34910
_bR.66806
999 _c43660
_d43660